|
|
|
|
| LEADER |
01207nam a2200301 a 4500 |
| 001 |
37567420 |
| 008 |
110425s1998 enk b 001 0 eng d |
| 010 |
|
|
|a 97039738
|
| 020 |
|
|
|a 0582231531
|
| 020 |
|
|
|a 058223154X (pbk.)
|
| 040 |
|
|
|a DLC
|c DLC
|d C#P
|d UKM
|d AZS
|d BD-DhAAL
|
| 082 |
|
|
|2 221
|a 410/.285
|
| 999 |
|
|
|c 10765
|d 10765
|
| 999 |
|
|
|c 10765
|
| 100 |
1 |
|
|a Kennedy, Graeme D.
|9 1144
|
| 245 |
1 |
3 |
|a An introduction to corpus linguistics /
|c Graeme Kennedy.
|
| 260 |
|
|
|a London ;
|a New York :
|b Longman,
|c 1998.
|
| 300 |
|
|
|a xii, 315 p. :
|b ill. ;
|c 23 cm.
|
| 490 |
1 |
|
|a Studies in language and linguistics.
|
| 504 |
|
|
|a Includes bibliographical references (p. 295-309) and index.
|
| 541 |
1 |
|
|e 00010237
|
| 650 |
|
0 |
|a Computational linguistics
|x Methodology.
|9 1145
|
| 650 |
|
0 |
|a Discourse analysis
|x Data processing.
|9 1146
|
| 650 |
|
0 |
|a English language
|x Data processing.
|9 1147
|
| 830 |
|
0 |
|a Studies in language and linguistics (London, England)
|9 1148
|
| 852 |
1 |
|
|a Ayesha Abed Library
|c General Shelf.
|
| 942 |
|
|
|2 ddc
|c BK
|
| 952 |
|
|
|0 0
|1 0
|2 ddc
|4 0
|6 410_285000000000000_KEN
|7 0
|9 16196
|a BRACUL
|b BRACUL
|c GEN
|d 2011-04-25
|l 2
|m 12
|o 410.285 KEN
|p 3010010237
|r 2025-12-24
|s 2025-11-11
|t 1
|w 2011-04-25
|y BK
|